Χωροταξική πολιτική

Αποθηκεύτηκε σε:
Λεπτομέρειες βιβλιογραφικής εγγραφής
Συγγραφή απο Οργανισμό/Αρχή: Κέντρο Προγραμματισμού και Οικονομικών Ερευνών
Μορφή: Βιβλίο
Γλώσσα:Greek
Δημοσίευση: Αθήνα : Κέντρο Προγραμματισμού και Οικονομικών Ερευνών, 1976
Σειρά:Πρόγραμμα αναπτύξεως 1976-1980 ; ; 15
Θέματα:
Ετικέτες: Προσθήκη ετικέτας
Δεν υπάρχουν, Καταχωρήστε ετικέτα πρώτοι!

MARC

LEADER 00000nam a2200000 i 4500
001 1/104730
008 950605s1976 gre d
035 |l 10013371 
040 |a GR-MY-UA  |b gre  |e aacr 
041 0 |a gre 
082 0 |a 338.9495 
245 1 0 |a Χωροταξική πολιτική /  |c Έκθεση ομάδας εργασίας ; Κέντρο Προγραμματισμού και Οικονομικών Ερευνών 
260 |a Αθήνα :   |b Κέντρο Προγραμματισμού και Οικονομικών Ερευνών,   |c 1976 
300 |a 443 σ.  |b πιν., χάρτες 
490 1 |a Πρόγραμμα αναπτύξεως 1976-1980  |v ; 15 
650 0 0 |a Regional planning  |z Greece. 
651 0 |a Greece  |x Economic conditions. 
710 2 |a Κέντρο Προγραμματισμού και Οικονομικών Ερευνών. 
830 0 |a Πρόγραμμα αναπτύξεως 1976-1980 ;  |v ; 15 
852 |a INST  |b LESVOS  |e 19950605  |h 338.9495 ΧΩΡ  |p 005100004174  |q 005100004174  |t BK  |y 0 
909 |a Λ  |b 015090